| 000 | 00716nam a2200229 a 4500 | ||
|---|---|---|---|
| 001 | 43248 | ||
| 003 | BD-RjUL | ||
| 005 | 20211209053653.0 | ||
| 008 | 160620s1954 enka 001 0 eng d | ||
| 035 | _a(BD-RjUL)43366 | ||
| 040 |
_aBD-RjUL _beng _cBD-RjUL |
||
| 041 | _aeng | ||
| 082 |
_a378.4257 _bHAN 1954 |
||
| 245 | 0 | 0 | _aHandbook to the University of Oxford |
| 260 |
_aOxford : _bClarendon Press, _c1954 |
||
| 300 |
_ax, 468 p. : _bill. ; _c19 cm. |
||
| 500 | _aby Sir Charles Mallet ...[et al.] -- contents. | ||
| 500 | _aOriginally published, 1932. Reprinted with necessary changes and additions | ||
| 504 | _aIncludes Bibliography and index | ||
| 610 | 2 | 0 |
_aUniversity of Oxford _9132847 |
| 942 |
_2ddc _cBK |
||
| 999 |
_c43248 _d43248 |
||